Contemporary environmental law in Cambodia and future perspectives : (Record no. 8749)
[ view plain ]
| 000 -LEADER | |
|---|---|
| fixed length control field | 00936nam a22002177a 4500 |
| 001 - CONTROL NUMBER | |
| control field | 8749 |
| 003 - CONTROL NUMBER IDENTIFIER | |
| control field | FISKH |
| 005 - DATE AND TIME OF LATEST TRANSACTION | |
| control field | 20251016151249.0 |
| 008 - FIXED-LENGTH DATA ELEMENTS--GENERAL INFORMATION | |
| fixed length control field | 251016b cb ||||| |||| 00| 0 eng d |
| 020 ## - INTERNATIONAL STANDARD BOOK NUMBER | |
| International Standard Book Number | 9789924571001 |
| 040 ## - CATALOGING SOURCE | |
| Original cataloging agency | FISKH |
| Language of cataloging | eng |
| Transcribing agency | FISKH |
| Modifying agency | FISKH |
| 082 ## - DEWEY DECIMAL CLASSIFICATION NUMBER | |
| Classification number | 344.0460956 |
| 100 ## - MAIN ENTRY--PERSONAL NAME | |
| Personal name | Phallack, Kong |
| 245 ## - TITLE STATEMENT | |
| Title | Contemporary environmental law in Cambodia and future perspectives : |
| Remainder of title | The law talks: |
| 260 ## - PUBLICATION, DISTRIBUTION, ETC. | |
| Place of publication, distribution, etc. | Phnom Penh : |
| Name of publisher, distributor, etc. | Konrad-Adenauer-Stiftung, |
| Date of publication, distribution, etc. | 2020. |
| 300 ## - PHYSICAL DESCRIPTION | |
| Extent | 83 pages : |
| Dimensions | 26 cm |
| 520 ## - SUMMARY, ETC. | |
| Summary, etc. | The Law Talks: Contemporary Environmental Law in Cambodia and Future Perspectives is a collection of articles (six papers) by Cambodian and foreign legal scholars and experts examining current issues in environmental law in Cambodia as well as offering perspectives for future legal reform. |
| 650 ## - SUBJECT ADDED ENTRY--TOPICAL TERM | |
| Topical term or geographic name entry element | Environmental Law |
| Form subdivision | Cambodian Legal System |
| General subdivision | Policy Reform |
| 942 ## - ADDED ENTRY ELEMENTS (KOHA) | |
| Source of classification or shelving scheme | Dewey Decimal Classification |
| Koha item type | Books |
| Suppress in OPAC | No |
| Withdrawn status | Lost status | Source of classification or shelving scheme | Damaged status | Not for loan | Collection | Home library | Current library | Shelving location | Date acquired | Total Checkouts | Full call number | Barcode | Date last seen | Copy number | Price effective from | Koha item type |
|---|---|---|---|---|---|---|---|---|---|---|---|---|---|---|---|---|
| Dewey Decimal Classification | Reference | Footprints International School Library Network Toul Kork Campus | Footprints International School Library Network Toul Kork Campus | Librarian's Shelf TK | 10/16/2025 | PHA 344.0460956 PZ7 | 2025-4647 | 10/16/2025 | 1 | 10/16/2025 | Books |
